Textbook of Biochemistry: (Record no. 748616)
[ view plain ]
| 000 -LEADER | |
|---|---|
| fixed length control field | 00331nam a2200121 4500 |
| 020 ## - INTERNATIONAL STANDARD BOOK NUMBER | |
| ISBN | 9788123913407 |
| 082 ## - DEWEY DECIMAL CLASSIFICATION NUMBER | |
| Classification number | 572 STE |
| 084 ## - OTHER CLASSIFICATION NUMBER | |
| Source of Number | Colon Classification |
| 100 ## - MAIN ENTRY--AUTHOR NAME | |
| Personal name | Stenesh J |
| 245 ## - TITLE STATEMENT | |
| Title | Textbook of Biochemistry: |
| Sub Title | Core Topics/ |
| Statement of responsibility, etc | J Stenesh |
| 260 ## - PUBLICATION, DISTRIBUTION, ETC. (IMPRINT) | |
| Place of publication | New Delhi: |
| Name of publisher | CBS Publishers & Distributors; |
| Year of publication | 2019. |
| 942 ## - ADDED ENTRY ELEMENTS (KOHA) | |
| Source of classification or shelving scheme | Dewey Decimal Classification |
| Koha item type | Book |
| Withdrawn status | Lost status | Source of classification or shelving scheme | Damaged status | Not for loan | Home Library | Current Location | Date acquired | Full call number | Accession Number | Price effective from | Koha item type |
|---|---|---|---|---|---|---|---|---|---|---|---|
| Dewey Decimal Classification | Dept. of Bio-Technology | Dept. of Bio-Technology | 06/05/2025 | 572 STE | BTY3610 | 06/05/2025 | Book |
